MARC

LEADER 00000nam0a2200000 4500
001 234683
005 20231101231337.0
035 |a (RuTPU)RU\TPU\book\255809 
090 |a 234683 
100 |a 20130327d1974 m y0rusy50 ca 
101 0 |a rus 
102 |a RU 
105 |a a j 001zy 
200 1 |a Шлиховые поиски и анализ шлихов  |e учебное пособие  |f Е. М. Захарова 
210 |a Москва  |c Недра  |d 1974 
215 |a 159 с.  |c ил. 
320 |a Библиогр.: с. 154-156. 
606 1 |a Шлиховый анализ  |2 stltpush  |3 (RuTPU)RU\TPU\subj\19376  |9 44628 
610 1 |a шлиховые поиски 
610 1 |a ореолы 
610 1 |a образование 
610 1 |a поиски 
610 1 |a лабораторный анализ 
610 1 |a фракционирование 
610 1 |a минералы 
610 1 |a диагностика 
610 1 |a характеристика 
610 1 |a количественный анализ 
610 1 |a шлиховые карты 
610 1 |a учебные пособия 
675 |a 550.841(075.8)  |v 3 
700 1 |a Захарова  |b Е. М.  |g Елена Михайловна 
801 1 |a RU  |b 63413507  |c 20130327 
801 2 |a RU  |b 63413507  |c 20170912  |g RCR 
942 |c BK